[Event "Eesti naiste MV"]
[Site "Tallinn"]
[Date "2005.05.14"]
[Round "9"]
[White "Makarova, Natalja"]
[Black "Narva, Regina"]
[Result "0-1"]
[WhiteElo "1915"]
[BlackElo "2106"]
[PlyCount "62"]
[EventDate "2005.05.10"]
[EventType "tourn"]
[EventRounds "1"]
[EventCountry "EST"]
[SourceDate "2005.05.13"]

1. e4 c5 2. Nf3 d6 3. d4 cxd4 4. Nxd4 Nf6 5. Nc3 g6 6. Be3 Bg7 7. f3 Nc6 8. Qd2
O-O 9. O-O-O d5 10. Nxc6 bxc6 11. exd5 Nxd5 12. Nxd5 cxd5 13. Qxd5 Qc7 14. Qc5
Qb7 15. Bd4 Bf5 16. Qb5 Qc7 17. Qc5 Bh6+ 18. Kb1 Qxc5 19. Bxc5 Rfc8 20. Rd5 e6
21. Rxf5 gxf5 22. Bd4 Rd8 23. c3 e5 24. Bxe5 Rd1+ 25. Kc2 Rc1+ 26. Kb3 Rd8 27.
Bd4 Rb8+ 28. Ka3 Rb1 29. b4 a5 30. b5 a4 31. b6 Bf8+ 0-1

[Event "Eesti naiste MV"]
[Site "Tallinn"]
[Date "2005.05.14"]
[Round "9"]
[White "Rõtova, Merike"]
[Black "Tsõganova, Monika"]
[Result "0-1"]
[WhiteElo "1997"]
[BlackElo "2266"]
[PlyCount "86"]
[EventDate "2005.05.10"]
[EventType "tourn"]
[EventRounds "1"]
[EventCountry "EST"]
[SourceDate "2005.05.13"]

1. d4 Nf6 2. e3 g6 3. f4 Bg7 4. c3 d6 5. Bd3 O-O 6. Nf3 Nbd7 7. O-O e5 8. e4 c6
9. Kh1 Qb6 10. Na3 Qc7 11. Nc2 Re8 12. Re1 exf4 13. Bxf4 Nh5 14. Qd2 Nxf4 15.
Qxf4 Nf8 16. Re2 a5 17. Rae1 Ne6 18. Qg3 Bh6 19. Qh4 Kg7 20. e5 dxe5 21. dxe5
Qd8 22. Qxd8 Rxd8 23. Bc4 Nf4 24. Rf2 b5 25. Bf1 Be6 26. Ncd4 Bd5 27. b3 Kg8
28. c4 bxc4 29. bxc4 Bxf3 30. Nxf3 Ne6 31. Rb1 Be3 32. Rfb2 a4 33. g3 a3 34.
Rb3 Bc5 35. Rb7 h6 36. Bh3 Re8 37. Nd2 Ng5 38. Bg2 Rxe5 39. Bxc6 Re2 40. Rd7
Rae8 41. Rd5 Re1+ 42. Rxe1 Rxe1+ 43. Kg2 Rg1# 0-1

[Event "Eesti naiste MV"]
[Site "Tallinn"]
[Date "2005.05.14"]
[Round "9"]
[White "Fomina, Tatjana"]
[Black "Käos, Kreete"]
[Result "1-0"]
[WhiteElo "2260"]
[BlackElo "1872"]
[PlyCount "53"]
[EventDate "2005.05.10"]
[EventType "tourn"]
[EventRounds "1"]
[EventCountry "EST"]
[SourceDate "2005.05.13"]

1. e4 e6 2. Nf3 d5 3. Nc3 Nf6 4. e5 Nfd7 5. d4 c5 6. Bb5 Nc6 7. Be3 cxd4 8.
Bxd4 Nxd4 9. Qxd4 a6 10. Bxd7+ Bxd7 11. O-O Be7 12. Rad1 O-O 13. Rfe1 Rc8 14.
a3 Bc5 15. Qd3 Qb6 16. Re2 Qxb2 17. Ng5 g6 18. Qh3 h5 19. Nxd5 exd5 20. Qxd7
Rcd8 21. Qh3 Qxa3 22. Nf3 Rfe8 23. e6 Rxe6 24. Rxe6 fxe6 25. Qxe6+ Kg7 26. Ne5
Rd6 27. Qe7+ 1-0

[Event "Eesti naiste MV"]
[Site "Tallinn"]
[Date "2005.05.14"]
[Round "9"]
[White "Gansvind, Valeria"]
[Black "Vahtra, Tuuli"]
[Result "1-0"]
[WhiteElo "2252"]
[BlackElo "2007"]
[PlyCount "99"]
[EventDate "2005.05.10"]
[EventType "tourn"]
[EventRounds "1"]
[EventCountry "EST"]
[SourceDate "2005.05.13"]

1. d4 d5 2. Bg5 Nf6 3. Bxf6 exf6 4. e3 Bd6 5. g3 c6 6. Bg2 O-O 7. Nd2 Bf5 8.
Ne2 Re8 9. O-O Qd7 10. c4 dxc4 11. Nxc4 Na6 12. Nxd6 Qxd6 13. Nc3 Rad8 14. a3
Be6 15. b4 Bc4 16. Re1 f5 17. Qc2 g6 18. Rac1 f6 19. Red1 Nc7 20. Qb2 Bd5 21.
Nxd5 Nxd5 22. b5 Kg7 23. bxc6 bxc6 24. Qb7+ Re7 25. Qxc6 Qxc6 26. Rxc6 Red7 27.
Rb1 Nb6 28. h4 Re7 29. Rb4 Nd5 30. Rb5 Nb6 31. Bf3 Red7 32. Kg2 Re7 33. Bd1
Red7 34. Bb3 Rd6 35. Rc7+ R6d7 36. Rc1 Re7 37. a4 Red7 38. a5 Na8 39. Rbc5 Rd6
40. Bd1 R6d7 41. Bf3 Kf7 42. Bc6 Re7 43. Bd5+ Kg7 44. Bf3 Red7 45. h5 Re7 46.
d5 Red7 47. Rc6 Kf7 48. d6 Ke6 49. h6 g5 50. Rc8 1-0

[Event "Eesti naiste MV"]
[Site "Tallinn"]
[Date "2005.05.14"]
[Round "9"]
[White "Pärnpuu, Leili"]
[Black "Kõrge, Kersti"]
[Result "1-0"]
[WhiteElo "2226"]
[BlackElo "1936"]
[PlyCount "79"]
[EventDate "2005.05.10"]
[EventType "tourn"]
[EventRounds "1"]
[EventCountry "EST"]
[SourceDate "2005.05.13"]

1. Nf3 Nf6 2. c4 c5 3. Nc3 Nc6 4. d4 cxd4 5. Nxd4 g6 6. e4 Bg7 7. Be3 O-O 8.
Be2 d6 9. O-O Bd7 10. Rc1 b6 11. f3 Rc8 12. Qd2 Nxd4 13. Bxd4 Bc6 14. Rfd1 Qd7
15. Be3 Rfd8 16. Bg5 a6 17. Nd5 Nxd5 18. exd5 Bb7 19. Be3 b5 20. Bb6 Rf8 21. b3
bxc4 22. Bxc4 Ra8 23. a4 Rfc8 24. a5 h5 25. Re1 Kh7 26. Qf4 Rf8 27. Rcd1 Bc3
28. Re2 Rae8 29. Qe3 Bb4 30. Qd3 Ra8 31. f4 Rfe8 32. Re3 Qg4 33. Rg3 Qd7 34.
Rg5 Kh6 35. Qg3 Rg8 36. f5 Kh7 37. fxg6+ fxg6 38. Bd3 Qe8 39. Rxh5+ Kg7 40.
Bxg6 1-0

[Event "Eesti naiste MV"]
[Site "Tallinn"]
[Date "2005.05.14"]
[Round "9"]
[White "Makarova, Kermen"]
[Black "Bashkite, Viktoria"]
[Result "0-1"]
[WhiteElo "1927"]
[BlackElo "2191"]
[PlyCount "54"]
[EventDate "2005.05.10"]
[EventType "tourn"]
[EventRounds "1"]
[EventCountry "EST"]
[SourceDate "2005.05.13"]

1. c4 c5 2. Nc3 Nc6 3. g3 g6 4. Bg2 Bg7 5. Nf3 d6 6. O-O e5 7. d3 Nge7 8. Rb1
h6 9. Bd2 Be6 10. a3 d5 11. cxd5 Nxd5 12. Ne4 b6 13. b4 f5 14. b5 Nce7 15. Nc3
e4 16. dxe4 Nxc3 17. Bxc3 Bxc3 18. e5 Qxd1 19. Rfxd1 Rd8 20. Rxd8+ Kxd8 21.
Rd1+ Ke8 22. a4 Kf7 23. Rd3 Bb4 24. Nd2 c4 25. Rd4 Bc5 26. Rh4 c3 27. Nc4 c2
0-1

[Event "Eesti naiste MV"]
[Site "Tallinn"]
[Date "2005.05.15"]
[Round "10"]
[White "Narva, Regina"]
[Black "Bashkite, Viktoria"]
[Result "1-0"]
[WhiteElo "2106"]
[BlackElo "2191"]
[PlyCount "123"]
[EventDate "2005.05.10"]
[EventType "tourn"]
[EventRounds "1"]
[EventCountry "EST"]
[SourceDate "2005.05.13"]

1. e4 d6 2. d4 Nf6 3. Nc3 c6 4. Be2 Qa5 5. Bf3 e5 6. Nge2 Be7 7. O-O Nbd7 8. a3
Nf8 9. b4 Qc7 10. g3 Bh3 11. Bg2 Bxg2 12. Kxg2 h5 13. h4 Ng6 14. f4 Ng4 15. Qd3
Qc8 16. Bd2 Bf6 17. Rad1 Qd8 18. dxe5 dxe5 19. Qxd8+ Rxd8 20. f5 Ne7 21. Bc1
Nc8 22. Rxd8+ Kxd8 23. Rd1+ Kc7 24. Rd3 Nd6 25. Ng1 Be7 26. Nf3 Nc4 27. Nh2
Nxh2 28. Kxh2 a5 29. bxa5 Ra8 30. Nb1 Rxa5 31. Rb3 b5 32. Kg2 Ra8 33. Kf3 Bc5
34. g4 hxg4+ 35. Kxg4 Ra4 36. Nc3 Ra8 37. Nb1 Rd8 38. Rd3 Nd6 39. Nd2 Ra8 40.
h5 Ra4 41. Kf3 f6 42. Rb3 Nf7 43. Nb1 Rc4 44. Rc3 Rxc3+ 45. Nxc3 Kb6 46. Ke2
Bd4 47. Kd3 Bxc3 48. Kxc3 c5 49. Kd3 Ka5 50. Ke3 Ng5 51. Kd3 c4+ 52. Ke3 Ka4
53. Bb2 Nh3 54. Kf3 Nf4 55. Kg4 Ne2 56. Bxe5 Kxa3 57. Bxf6 b4 58. Bxg7 c3 59.
h6 b3 60. Bxc3 Nxc3 61. cxb3 Nxe4 62. Kh5 1-0

[Event "Eesti naiste MV"]
[Site "Tallinn"]
[Date "2005.05.15"]
[Round "10"]
[White "Kõrge, Kersti"]
[Black "Makarova, Kermen"]
[Result "0-1"]
[WhiteElo "1936"]
[BlackElo "1927"]
[PlyCount "72"]
[EventDate "2005.05.10"]
[EventType "tourn"]
[EventRounds "1"]
[EventCountry "EST"]
[SourceDate "2005.05.13"]

1. e4 c5 2. c3 d5 3. exd5 Qxd5 4. d4 e6 5. Nf3 Nc6 6. Na3 cxd4 7. Nb5 Bd6 8.
Nxd6+ Qxd6 9. Nxd4 Nxd4 10. Qxd4 Qxd4 11. cxd4 b6 12. Bb5+ Bd7 13. Bd3 Nf6 14.
Bf4 O-O 15. Rc1 Nd5 16. Bd6 Rfd8 17. O-O Bc8 18. Ba3 Bb7 19. Be4 Rd7 20. g3
Rad8 21. Rfd1 Ba6 22. Bd3 Bxd3 23. Rxd3 Nc7 24. b3 Nb5 25. Bb2 h6 26. Kg2 Kf8
27. Rcd1 e5 28. d5 f6 29. a4 Nc7 30. Ba3+ Kf7 31. d6 Ne6 32. Rc1 Nd4 33. Rc7
Ke6 34. Rxd7 Rxd7 35. g4 Nc2 36. Bc1 Ne1+ 0-1

[Event "Eesti naiste MV"]
[Site "Tallinn"]
[Date "2005.05.15"]
[Round "10"]
[White "Vahtra, Tuuli"]
[Black "Pärnpuu, Leili"]
[Result "1/2-1/2"]
[WhiteElo "2007"]
[BlackElo "2226"]
[PlyCount "35"]
[EventDate "2005.05.10"]
[EventType "tourn"]
[EventRounds "1"]
[EventCountry "EST"]
[SourceDate "2005.05.13"]

1. e3 Nf6 2. b3 g6 3. Bb2 Bg7 4. f4 d6 5. Nf3 O-O 6. Be2 c5 7. O-O e5 8. fxe5
Ng4 9. Nc3 Nxe5 10. Nxe5 dxe5 11. Bc4 Nc6 12. Qf3 Kh8 13. Qd5 Be6 14. Qxc5 Bxc4
15. bxc4 Rc8 16. Qd5 f5 17. Qxd8 Rfxd8 18. Nd5 1/2-1/2

[Event "Eesti naiste MV"]
[Site "Tallinn"]
[Date "2005.05.15"]
[Round "10"]
[White "Käos, Kreete"]
[Black "Gansvind, Valeria"]
[Result "0-1"]
[WhiteElo "1872"]
[BlackElo "2252"]
[PlyCount "86"]
[EventDate "2005.05.10"]
[EventType "tourn"]
[EventRounds "1"]
[EventCountry "EST"]
[SourceDate "2005.05.13"]

1. d4 Nf6 2. c4 e5 3. d5 Bc5 4. e3 d6 5. Nc3 O-O 6. Nf3 Qe7 7. Be2 Bf5 8. O-O
a5 9. a3 h6 10. Na4 Nbd7 11. Nd2 Rfd8 12. Nb3 Bb6 13. Bd2 Ne4 14. Nxb6 cxb6 15.
f3 Nec5 16. e4 Bg6 17. Be3 f5 18. Nxc5 bxc5 19. exf5 Bxf5 20. Bd3 Rf8 21. Qc2
Bxd3 22. Qxd3 Ra6 23. Rab1 Rfa8 24. Rfe1 Qf7 25. Rf1 Nf6 26. Bd2 Qc7 27. Qg6
Qf7 28. Qg3 Kh7 29. Rfe1 a4 30. Bc3 Nh5 31. Qg4 Rf8 32. Qh4 Qg6 33. Qe4 Rf4 34.
Qxg6+ Kxg6 35. Re4 Rxe4 36. fxe4 Nf6 37. Re1 Ra8 38. Re2 Nd7 39. Bd2 Ra6 40.
Re3 Rb6 41. b4 axb3 42. Bc3 b2 43. Bxb2 Rxb2 0-1

[Event "Eesti naiste MV"]
[Site "Tallinn"]
[Date "2005.05.15"]
[Round "10"]
[White "Tsõganova, Monika"]
[Black "Fomina, Tatjana"]
[Result "1-0"]
[WhiteElo "2266"]
[BlackElo "2260"]
[PlyCount "85"]
[EventDate "2005.05.10"]
[EventType "tourn"]
[EventRounds "1"]
[EventCountry "EST"]
[SourceDate "2005.05.13"]

1. e4 c5 2. Nf3 e6 3. d4 cxd4 4. Nxd4 Nc6 5. Nc3 Qc7 6. g3 d6 7. Bg2 Bd7 8. O-O
Rc8 9. Be3 Nf6 10. Ncb5 Qb8 11. a4 a6 12. Nxc6 bxc6 13. Na3 Be7 14. Qd3 O-O 15.
Nc4 c5 16. Rfd1 d5 17. exd5 exd5 18. Bxd5 Rcd8 19. Bf4 Qa7 20. Ne3 c4 21. Qxc4
Nxd5 22. Nxd5 Be6 23. Qc7 Qxc7 24. Nxc7 Bf5 25. Nd5 Bf6 26. Nxf6+ gxf6 27. c4
Kg7 28. c5 Rc8 29. b4 Rfe8 30. Bd6 Re2 31. b5 axb5 32. axb5 Rb2 33. Ra5 Re8 34.
Bf4 Ree2 35. Be3 Be4 36. Rc1 Rb1 37. Rxb1 Bxb1 38. g4 Be4 39. h3 Kg6 40. c6 Rc2
41. Ra8 Kg7 42. Rc8 h6 43. b6 1-0

[Event "Eesti naiste MV"]
[Site "Tallinn"]
[Date "2005.05.15"]
[Round "10"]
[White "Makarova, Natalja"]
[Black "Rõtova, Merike"]
[Result "0-1"]
[WhiteElo "1915"]
[BlackElo "1997"]
[PlyCount "50"]
[EventDate "2005.05.10"]
[EventType "tourn"]
[EventRounds "1"]
[EventCountry "EST"]
[SourceDate "2005.05.13"]

1. e4 d6 2. d4 Nf6 3. f3 g6 4. c4 c5 5. d5 Bg7 6. Nc3 O-O 7. Be3 Nbd7 8. Qd2
Re8 9. Nge2 Ne5 10. Nf4 a6 11. Be2 Rb8 12. O-O-O Qa5 13. b3 Bd7 14. Nb1 Qc7 15.
Nd3 Nxd3+ 16. Bxd3 b5 17. g4 bxc4 18. Bxc4 Bb5 19. Na3 Nd7 20. Qe2 Qa5 21. Nb1
Bxc4 22. bxc4 Rb2 23. Rd2 Reb8 24. Qd3 Qxa2 25. Rxb2 Qxb2+ 0-1

[Event "Eesti naiste MV"]
[Site "Tallinn"]
[Date "2005.05.16"]
[Round "11"]
[White "Rõtova, Merike"]
[Black "Narva, Regina"]
[Result "0-1"]
[WhiteElo "1997"]
[BlackElo "2106"]
[PlyCount "56"]
[EventDate "2005.05.10"]
[EventType "tourn"]
[EventRounds "1"]
[EventCountry "EST"]
[SourceDate "2005.05.13"]

1. d4 c5 2. e3 cxd4 3. exd4 Nf6 4. c3 g6 5. g3 Bg7 6. Bg2 d5 7. Ne2 O-O 8. O-O
Nc6 9. Nd2 e5 10. dxe5 Nxe5 11. Nf3 Nc6 12. Ned4 Bg4 13. Nxc6 bxc6 14. Qc2 Re8
15. Be3 Qd7 16. Bd4 Qc7 17. a4 c5 18. Be3 Bf5 19. Qc1 Rad8 20. Bf4 Qb6 21. a5
Qb5 22. h4 Re2 23. Ra2 Ng4 24. Ng5 Rc2 25. Qd1 Qb3 26. Qa1 Bxc3 27. Bc1 Bd4 28.
Nh3 Qxg3 0-1

[Event "Eesti naiste MV"]
[Site "Tallinn"]
[Date "2005.05.16"]
[Round "11"]
[White "Fomina, Tatjana"]
[Black "Makarova, Natalja"]
[Result "1-0"]
[WhiteElo "2260"]
[BlackElo "1915"]
[PlyCount "51"]
[EventDate "2005.05.10"]
[EventType "tourn"]
[EventRounds "1"]
[EventCountry "EST"]
[SourceDate "2005.05.13"]

1. e4 c5 2. Nf3 d6 3. c3 Nf6 4. Bc4 e6 5. Qe2 Be7 6. O-O O-O 7. Bb3 Nc6 8. d4
cxd4 9. cxd4 a6 10. Rd1 Qc7 11. Nc3 b5 12. Bg5 Rd8 13. Rac1 Qb6 14. e5 dxe5 15.
dxe5 Nd7 16. Nd5 exd5 17. Rxc6 Qxc6 18. Bxe7 Re8 19. Bxd5 Qb6 20. Bxa8 Rxe7 21.
Qd3 g6 22. h3 Bb7 23. Bxb7 Qxb7 24. Qd6 Nb6 25. Qf6 Nd5 26. Rxd5 1-0

[Event "Eesti naiste MV"]
[Site "Tallinn"]
[Date "2005.05.16"]
[Round "11"]
[White "Makarova, Kermen"]
[Black "Vahtra, Tuuli"]
[Result "1/2-1/2"]
[WhiteElo "1927"]
[BlackElo "2007"]
[PlyCount "54"]
[EventDate "2005.05.10"]
[EventType "tourn"]
[EventRounds "1"]
[EventCountry "EST"]
[SourceDate "2005.05.13"]

1. c4 e5 2. Nc3 Nf6 3. Nf3 Nc6 4. g3 Nd4 5. Bg2 Nxf3+ 6. Bxf3 d6 7. O-O c6 8.
Bg2 Be6 9. d3 Qd7 10. Rb1 Bh3 11. b4 h5 12. Bg5 Nh7 13. Bd2 h4 14. b5 Nf6 15.
bxc6 bxc6 16. e4 hxg3 17. hxg3 Bxg2 18. Kxg2 Qh3+ 19. Kf3 Qh5+ 20. Kg2 Qh3+ 21.
Kf3 Ng4 22. Rh1 Nh2+ 23. Ke2 Qh5+ 24. Ke3 Qh6+ 25. Ke2 Qh5+ 26. Ke3 Qh6+ 27.
Ke2 Qh5+ 1/2-1/2

[Event "Eesti naiste MV"]
[Site "Tallinn"]
[Date "2005.05.16"]
[Round "11"]
[White "Bashkite, Viktoria"]
[Black "Kõrge, Kersti"]
[Result "1-0"]
[WhiteElo "2191"]
[BlackElo "1936"]
[PlyCount "111"]
[EventDate "2005.05.10"]
[EventType "tourn"]
[EventRounds "1"]
[EventCountry "EST"]
[SourceDate "2005.05.13"]

1. d4 Nf6 2. Nf3 g6 3. e3 Bg7 4. c4 c5 5. Be2 cxd4 6. exd4 d6 7. O-O O-O 8. Nc3
b6 9. h3 Bb7 10. d5 Nbd7 11. Be3 Nc5 12. Rc1 Rc8 13. Nd4 a6 14. Bf3 Ncd7 15. b3
Ne5 16. Be2 Ned7 17. f4 Nc5 18. Bf3 a5 19. Re1 Qd7 20. Ncb5 Nfe4 21. a3 Nf6 22.
Bf2 Rfe8 23. b4 Na6 24. Qd2 axb4 25. axb4 Nc7 26. Nc6 Nfxd5 27. Nxc7 Nxc7 28.
Nxe7+ Rxe7 29. Rxe7 Qxe7 30. Bxb7 Rb8 31. Bc6 Qe6 32. Qa2 Qc8 33. b5 Ne6 34.
Qd2 Qc7 35. Rd1 Rd8 36. Bh4 Bd4+ 37. Kh1 Rf8 38. Bd5 Bc5 39. Bf6 Ng7 40. Qd3
Qd7 41. g4 Ne6 42. Rf1 Nc7 43. Be4 Qe6 44. Bc3 Re8 45. Re1 Qc8 46. f5 Qd8 47.
fxg6 hxg6 48. Rf1 Re6 49. Qf3 Qe8 50. Bc6 Qf8 51. g5 Re3 52. Qf6 Kh7 53. Rf3
Rxf3 54. Bxf3 Ne6 55. Bd5 Nd8 56. Qf4 1-0

[Event "Eesti naiste MV"]
[Site "Tallinn"]
[Date "2005.05.16"]
[Round "11"]
[White "Pärnpuu, Leili"]
[Black "Käos, Kreete"]
[Result "1-0"]
[WhiteElo "2226"]
[BlackElo "1872"]
[PlyCount "49"]
[EventDate "2005.05.10"]
[EventType "tourn"]
[EventRounds "1"]
[EventCountry "EST"]
[SourceDate "2005.05.13"]

1. Nf3 Nf6 2. c4 e6 3. Nc3 Be7 4. d4 O-O 5. Bf4 d6 6. Qc2 Nbd7 7. e4 Nh5 8. Be3
e5 9. O-O-O exd4 10. Bxd4 Nb6 11. h3 Qe8 12. Be3 Be6 13. g4 Nf6 14. b3 Rc8 15.
Bd3 Nbd7 16. Nd4 Ne5 17. Be2 c6 18. f4 Nexg4 19. hxg4 Bxg4 20. Rdg1 Bxe2 21.
Qxe2 d5 22. e5 Ba3+ 23. Kc2 Ne4 24. Nxe4 dxe4 25. Qh5 1-0